[Event "S60279 Premier Quad"]
[Site "CCLA"]
[Date "2017.01.07"]
[Round "?"]
[White "Thomas, Gerald K."]
[Black "Stevens, Daniel L."]
[Result "0-1"]
[WhiteElo "1901"]
[BlackElo "1743"]

1. e4 d5 2. exd5 Nf6 3. Bb5+ Bd7 4. Be2 Nxd5 5. Nf3 Bf5 6. d3 Nc6 7. Bd2 
e5 8. O-O Be7 9. c4 Nb6 10. b3 O-O 11. Nc3 Nb4 12. Nxe5 Nxd3 13. Nxd3 Bxd3
14. Bxd3 Qxd3 15. Qe2 Qxe2 16. Nxe2 Bf6 17. Rad1 Rad8 18. Bb4 Rxd1 19. 
Rxd1 Rd8 20. Rxd8+ Bxd8 21. f3 Nd7 22. f4 f5 23. Nd4 c5 24. Ne6 Be7 25. 
Bc3 g6 26. Ng5 Bxg5 27. fxg5 Kf7 28. Kf2 Ke6 29. Kf3 Ne5+ 30. Bxe5 Kxe5 
31. Ke2 Kf4 32. a3 Kxg5 33. Kf3 Kf6 34. g3 Ke5 35. Ke3 g5 36. b4 b6 37. b5
f4+ 38. gxf4+ gxf4+ 39. Kd3 f3 0-1

[Event "S60279 Premier Quad"]
[Site "CCLA"]
[Date "2017.01.07"]
[Round "?"]
[White "Anderson, Clarence"]
[Black "Stevens, Daniel L."]
[Result "0-1"]
[WhiteElo "1853"]
[BlackElo "1743"]

1. e4 d5 2. exd5 Nf6 3. d4 Nxd5 4. Nf3 Bg4 5. h3 Bf5 6. c4 Nb4 7. Na3 e6 
8. Bf4 c5 9. Bxb8 Rxb8 10. Qa4+ Qd7 11. Qxa7 Bd6 12. dxc5 Nc6 13. Qb6 Bc7 
14. Qb5 Ba5+ 0-1

[Event "S67069 Gustafson Memorial Open"]
[Site "CCLA"]
[Date "2016.11.20"]
[Round "?"]
[White "Siegfried, Will"]
[Black "Hey, Brian"]
[Result "0-1"]
[WhiteElo "1728"]
[BlackElo "1668"]

1. e4 Nf6 2. Bc4 Nxe4 3. Bxf7+ Kxf7 4. Qh5+ g6 5. Qd5+ e6 6. Qxe4 Bg7 7. 
d4 Rf8 8. Nf3 Kg8 9. Bg5 Qe8 10. Nbd2 Nc6 11. c3 d5 12. Qe3 e5 13. dxe5 
Nxe5 14. Nxe5 Bxe5 15. O-O-O Bf5 16. Nf3 Qa4 17. Qe2 Rae8 0-1

[Event "S60269 Regular Quad"]
[Site "CCLA"]
[Date "2016.08.12"]
[Round "?"]
[White "Jimenez, Rachel"]
[Black "Hey, Brian"]
[Result "0-1"]
[WhiteElo "1366"]
[BlackElo "1687"]

1. e4 Nf6 2. Nc3 d5 3. e5 Nfd7 4. d4 Nb6 5. Nf3 Bf5 6. Bd3 Bxd3 7. Qxd3 e6
8. O-O Be7 9. Be3 Nc4 10. b3 Nxe3 11. Qxe3 Nc6 12. Qd3 Qd7 13. Qb5 O-O 14.
 Qxb7 a6 15. Nb5 axb5 16. Qxb5 Rfb8 17. Qd3 Nb4 18. Qd2 Nxa2 19. c3 Rxb3 
20. Qc2 Rxc3 21. Qxc3 Nxc3 22. Rxa8+ Bf8 23. Rfa1 f6 24. Rb8 Kf7 25. Raa8 
Be7 26. exf6 Bxf6 27. Rf8+ Kg6 28. h4 Nb5 29. g4 Nxd4 30. h5+ Kh6 31. 
Rxf6+ gxf6 32. Nxd4 c5 33. Nf3 Qg7 34. Nh2 c4 0-1

[Event "S60269 Regular Quad"]
[Site "CCLA"]
[Date "2016.08.12"]
[Round "?"]
[White "Acosta, Errol"]
[Black "Hey, Brian"]
[Result "0-1"]
[WhiteElo "1490"]
[BlackElo "1687"]

1. e4 Nf6 2. Nc3 d5 3. exd5 Nxd5 4. Nf3 Nxc3 5. bxc3 g6 6. d4 Bg7 7. Bd3 
O-O 8. O-O c5 9. Bb2 Nd7 10. Re1 Re8 11. Bc4 Nb6 12. Bd3 Na4 13. Qc1 Qa5 
14. Ne5 Be6 15. f4 Nxc3 16. dxc5 Qxc5+ 17. Kh1 Nd5 18. c4 Nb6 19. Nf3 Bxb2
20. Qxb2 Qd6 21. f5 Qxd3 22. fxe6 Qxc4 23. exf7+ Qxf7 24. Ng5 Qf6 25. Ne6 
Qxb2 0-1

[Event "S60299 Regular Quad"]
[Site "CCLA"]
[Date "2017.01.07"]
[Round "?"]
[White "Acosta, Errol"]
[Black "Walsh, Patrick"]
[Result "1-0"]
[WhiteElo "1490"]
[BlackElo "1647"]

1. e4 Nf6 2. Nc3 d5 3. exd5 Nxd5 4. Nf3 Nc6 5. d4 Bg4 6. Bc4 Nxc3 7. bxc3 
e6 8. O-O Be7 9. Qd3 O-O 10. Bf4 Na5 11. Ne5 Bf5 12. Qe2 Nxc4 13. Nxc4 h6 
14. Ne3 Bh7 15. Qg4 Kh8 16. Nc4 Bxc2 17. Ne5 Bf5 18. Qg3 Qd5 19. Qe3 f6 
20. c4 Qe4 21. Qxe4 Bxe4 22. Ng4 Bd3 23. Rfc1 Ba3 24. Rc3 Bb2 25. Rxd3 
Bxa1 26. Rd1 Bc3 27. Rd3 Ba5 28. Kf1 Rad8 29. d5 exd5 30. cxd5 Rfe8 31. g3
Re1+ 32. Kg2 1-0

[Event "S67079 Gustafson Memorial Open"]
[Site "CCLA"]
[Date "2016.11.20"]
[Round "?"]
[White "Strelecky, Rich"]
[Black "Walsh, Patrick"]
[Result "0-1"]
[WhiteElo "1652"]
[BlackElo "1631"]

1. e4 Nf6 2. e5 Nd5 3. d4 d6 4. Nf3 g6 5. Bc4 Nb6 6. Bb3 Bg7 7. Ng5 e6 8. 
Qf3 Qe7 9. Ne4 dxe5 10. Bg5 Qb4+ 11. c3 Qa5 12. Bf6 Bxf6 13. Qxf6 O-O 14. 
Qxe5 Qxe5 15. dxe5 Nc6 16. f4 Na5 17. O-O Nxb3 18. axb3 Bd7 19. c4 Bc6 20.
 Nbc3 a6 21. Rfd1 Rad8 22. Nf6+ Kg7 23. Rxd8 Rxd8 24. c5 Nc8 25. Re1 Rd4 
26. Nce4 Rb4 27. Re3 Ne7 28. Rh3 h5 29. Ng3 Nd5 30. Ne2 Nxf6 31. exf6+ 
Kxf6 32. Kf2 Bd5 33. Rd3 Rxb3 34. Rd2 Rb4 35. h4 Rc4 36. g3 Rxc5 37. Nc3 
c6 38. Ke3 Rc4 39. Rd1 Kf5 40. Kf2 Rb4 41. Rd2 Rb3 42. Ne2 Rf3+ 43. Ke1 
Kg4 44. Rc2 Rd3 45. Kf2 a5 46. Rc5 b5 47. Ke1 a4 48. Rc1 Bc4 49. Rc2 Re3 
50. Kf2 Rxe2+ 51. Rxe2 Bxe2 52. Kxe2 b4 53. Kd3 a3 0-1

[Event "S60031 Winter Series"]
[Site "CCLA"]
[Date "2016.01.28"]
[Round "?"]
[White "Ragan, Anthony"]
[Black "Cacas, Alexander"]
[Result "1/2-1/2"]
[WhiteElo "1822"]
[BlackElo "1865"]

1. e4 Nf6 2. e5 Nd5 3. d4 d6 4. Nf3 Bg4 5. Be2 e6 6. c4 Nb6 7. O-O Be7 8. 
Nc3 O-O 9. h3 Bh5 10. Be3 d5 11. c5 Bxf3 12. Bxf3 Nc4 13. Bf4 Nc6 14. b3 
N4a5 15. Qd2 b6 16. Na4 bxc5 17. Nxc5 Bxc5 18. dxc5 Qd7 19. Rac1 Rab8 20. 
Be4 Rb4 21. Bb1 Rd4 22. Qe3 Nb7 23. Qg3 Rb4 24. Bh6 f6 25. exf6 Rxf6 26. 
Bg5 Rf7 27. a3 Rd4 28. Be3 1/2-1/2

[Event "S67049 Gustafson Memorial Open"]
[Site "CCLA"]
[Date "2016.11.20"]
[Round "?"]
[White "Anderson, Clarence"]
[Black "Thomas, Gerald K."]
[Result "1-0"]
[WhiteElo "1853"]
[BlackElo "1943"]

1. f4 g6 2. e4 d6 3. Nf3 Bg7 4. Nc3 Bg4 5. Bc4 Nd7 6. Bxf7+ Kf8 7. Bb3 Nc5
8. d3 Nxb3 9. axb3 Nf6 10. Be3 a6 11. O-O Kf7 12. e5 dxe5 13. fxe5 Bxf3 
14. Qxf3 c6 15. exf6 exf6 16. Ne4 1-0

[Event "S60061 Winter Series"]
[Site "CCLA"]
[Date "2016.01.28"]
[Round "?"]
[White "Acosta, Errol"]
[Black "Sanchez, David A."]
[Result "0-1"]
[WhiteElo "1490"]
[BlackElo "1426"]

1. e4 d6 2. f4 g6 3. Nf3 Nf6 4. d3 Bg7 5. Nc3 Bg4 6. Be2 Nc6 7. O-O Bxf3 
8. Bxf3 e5 9. Bd2 Nd4 10. f5 c6 11. Ne2 Qb6 12. Nxd4 Qxd4+ 13. Kh1 O-O 14.
 Qc1 d5 15. Bc3 Qc5 16. Bxe5 dxe4 17. d4 Qe7 18. Be2 Nd5 19. c4 f6 20. 
cxd5 fxe5 21. dxe5 Bxe5 22. dxc6 Qh4 0-1

[Event "S60051 Winter Series"]
[Site "CCLA"]
[Date "2016.01.28"]
[Round "?"]
[White "Disque, Philip"]
[Black "Smiley, William R."]
[Result "1/2-1/2"]
[WhiteElo "1663"]
[BlackElo "1563"]

1. Nf3 g6 2. e4 Bg7 3. d4 d6 4. c3 Bg4 5. Nbd2 e5 6. Qb3 b6 7. Bc4 Qe7 8. 
O-O Nh6 9. h3 Bd7 10. dxe5 dxe5 11. a4 Nc6 12. Qa3 Qxa3 13. Rxa3 Na5 14. 
Ba2 f6 15. b4 Nc6 16. Bd5 Rd8 17. Ra1 Ne7 18. Bb3 Nf7 19. Ba3 Bh6 20. Rfd1
Bxd2 21. Nxd2 O-O 22. b5 Rfe8 23. Nf1 Kg7 24. Rd2 Nc8 25. Rad1 Ncd6 26. 
Bxf7 Kxf7 27. Bxd6 cxd6 28. Rxd6 Ke7 29. f3 Be6 30. Rxd8 Rxd8 31. Rxd8 
Kxd8 32. Nd2 Kc7 1/2-1/2

[Event "S60089 Premier Quad"]
[Site "CCLA"]
[Date "2016.02.12"]
[Round "?"]
[White "Catania, Duane"]
[Black "Petty, Kirk D."]
[Result "1-0"]
[WhiteElo "1779"]
[BlackElo "1734"]

1. e4 g6 2. d4 Bg7 3. Nf3 d6 4. Bd3 Nd7 5. O-O e5 6. c3 Ne7 7. Be3 O-O 8. 
Nbd2 h6 9. Rc1 g5 10. Bb1 Ng6 11. h3 Nf4 12. Bxf4 exf4 13. Qc2 Re8 14. 
Rfe1 1-0

[Event "S60031 Winter Series"]
[Site "CCLA"]
[Date "2016.01.28"]
[Round "?"]
[White "Ragan, Anthony"]
[Black "Abbey, William"]
[Result "0-1"]
[WhiteElo "1822"]
[BlackElo "2062"]

1. e4 g6 2. d4 Bg7 3. Nc3 d5 4. exd5 Nf6 5. Bc4 Nbd7 6. Qf3 Nb6 7. Bb3 Bg4
8. Qg3 Bf5 9. Nf3 Nbxd5 10. Nxd5 Nxd5 11. O-O O-O 12. Re1 a5 13. a4 c6 14.
 Qh4 e6 15. Qxd8 Rfxd8 16. c3 h6 17. g3 g5 18. h4 f6 19. Kg2 Kf7 20. hxg5 
hxg5 21. Bd2 Bf8 22. Rh1 Ra6 23. Bc4 Rb6 24. b3 g4 25. Ng1 c5 26. dxc5 
Bxc5 27. Rh4 Rc6 28. Be2 Be4+ 29. Kf1 f5 30. c4 Nb4 31. Bxb4 axb4 32. Rh7+
Kf6 33. Rxb7 Rd2 34. a5 Rb2 0-1

[Event "S67069 Gustafson Memorial Open"]
[Site "CCLA"]
[Date "2016.11.20"]
[Round "?"]
[White "Hey, Brian"]
[Black "Smail, John"]
[Result "1-0"]
[WhiteElo "1668"]
[BlackElo "1720"]

1. e4 g6 2. d4 Bg7 3. Nc3 d6 4. Be3 a6 5. Qd2 Nd7 6. h4 h5 7. Nh3 b5 8. 
Ng5 c6 9. O-O-O Qa5 10. Kb1 b4 11. Ne2 Rb8 12. Nf4 c5 13. Bc4 Nh6 14. g4 
cxd4 15. Bxd4 Bxd4 16. Qxd4 Qe5 17. gxh5 Qxd4 18. Rxd4 e5 19. hxg6 exd4 
20. Bxf7+ Nxf7 21. Nxf7 Rg8 22. h5 Nf8 23. h6 Rxg6 24. Nxg6 Nxg6 25. Nxd6+
Ke7 26. Rg1 Kxd6 27. Rxg6+ Be6 28. f4 Ke7 29. f5 Bf7 30. Rxa6 Rg8 31. b3 
Rg1+ 32. Kb2 Rh1 33. e5 Bd5 34. f6+ Kf7 35. Rd6 Be6 36. Rxd4 Rxh6 37. Rxb4
Rh5 38. Rb5 Rh8 39. a4 Rd8 40. a5 Bd7 41. Rb7 Ke6 42. a6 Kxe5 43. a7 Bc6 
44. Rb8 Rd7 45. a8=Q Bxa8 46. Rxa8 Kxf6 47. Re8 1-0

[Event "S67069 Gustafson Memorial Open"]
[Site "CCLA"]
[Date "2016.11.20"]
[Round "?"]
[White "Siegfried, Will"]
[Black "Smail, John"]
[Result "0-1"]
[WhiteElo "1728"]
[BlackElo "1720"]

1. e4 g6 2. d4 Bg7 3. Nc3 d6 4. Be3 a6 5. Qd2 Nd7 6. O-O-O b5 7. h4 h5 8. 
Nh3 Bb7 9. Bd3 Rc8 10. f4 c5 11. dxc5 Nxc5 12. Ng5 Qa5 13. Be2 b4 14. Bxc5
bxc3 15. bxc3 Bxc3 16. Qe3 Rxc5 17. Rd3 Qa3+ 18. Kd1 Qb2 19. Rxc3 Qxc3 20.
 Qxc3 Rxc3 21. Kd2 Rc7 22. c4 Nf6 23. Bd3 O-O 0-1

[Event "S60189 Regular Quad"]
[Site "CCLA"]
[Date "2016.07.31"]
[Round "?"]
[White "Martindale, Roger"]
[Black "Williams, Rufus H."]
[Result "0-1"]
[WhiteElo "1190"]
[BlackElo "1375"]

1. e4 d6 2. h3 e5 3. c4 Nf6 4. d3 Nc6 5. Nf3 Nd4 6. Nc3 c6 7. Nxd4 exd4 8.
 Ne2 c5 9. Nf4 Be7 10. Nd5 Nxd5 11. cxd5 O-O 12. g4 Bh4 13. Qe2 b6 14. Bf4
a5 15. O-O-O Qd7 16. Bg3 Bxg3 17. fxg3 Qa4 18. b3 Qa3+ 19. Qb2 Qxb2+ 20. 
Kxb2 h6 21. g5 hxg5 22. g4 b5 23. Re1 a4 24. h4 a3+ 25. Kc2 Bxg4 26. hxg5 
g6 27. Bh3 Bxh3 28. Rxh3 Kg7 29. e5 dxe5 30. Rxe5 Rae8 31. Re4 Rd8 32. Re7
Rxd5 33. Rb7 b4 34. Rg3 Rf5 35. Re7 Rf2+ 36. Kb1 Rf1+ 37. Kc2 Ra1 38. Rf3 
Rxa2+ 39. Kb1 Rb2+ 40. Ka1 Rxb3 41. Rf6 Rb2 42. Rc6 Rc2 43. Kb1 b3 44. Ra6
a2+ 45. Ka1 Rc1+ 46. Kb2 Rb1+ 47. Ka3 a1=Q# 0-1

[Event "S60241 Summer Series"]
[Site "CCLA"]
[Date "2016.07.31"]
[Round "?"]
[White "Martindale, Roger"]
[Black "Williams, Rufus H."]
[Result "0-1"]
[WhiteElo "1190"]
[BlackElo "1375"]

1. e4 d6 2. h3 e5 3. Nf3 Nf6 4. c4 Nc6 5. d3 Nd4 6. Nc3 c6 7. b4 a6 8. Be3
b6 9. Nxd4 exd4 10. Qa4 Bb7 11. Bxd4 Be7 12. Kd2 O-O 13. Be2 d5 14. e5 
Ne4+ 15. dxe4 Bg5+ 16. Kc2 dxe4 17. Nxe4 Bh6 18. Nd6 Qg5 19. Nxb7 Qd2+ 20.
 Kb1 Qxd4 21. Qxc6 Qxe5 22. Bd3 g6 23. Kc2 Bg7 24. Rhb1 Qc3+ 25. Kd1 Qxd3+
26. Kc1 Bh6+ 27. Kb2 Bg7+ 28. Kc1 Rae8 29. Qa4 Re1+ 30. Qd1 Rxd1# 0-1

[Event "S67049 Gustafson Memorial Open"]
[Site "CCLA"]
[Date "2016.11.20"]
[Round "?"]
[White "Thomas, Gerald K."]
[Black "Anderson, Clarence"]
[Result "0-1"]
[WhiteElo "1943"]
[BlackElo "1853"]

1. e4 d6 2. d4 Nd7 3. Be3 Ngf6 4. Nc3 e5 5. Nf3 Be7 6. Be2 c6 7. O-O O-O 
8. dxe5 dxe5 9. a3 a5 10. Qd2 Qc7 11. Rfd1 b5 12. b3 Bb7 13. Nh4 Rfd8 14. 
Bd3 Nxe4 15. Nxe4 Bxh4 16. Bg5 Bxg5 17. Qxg5 Rf8 18. Qh4 h6 19. Ng3 Nc5 
20. Bf5 Bc8 21. Bxc8 Raxc8 22. Rd2 Rcd8 23. Rxd8 Rxd8 24. Qg4 Qd6 25. Nf5 
Qf6 26. Qh4 Qxh4 27. Nxh4 a4 28. b4 Ne4 29. f3 Nd6 30. Rd1 g6 31. Kf1 Kf8 
32. Rd3 Ke7 33. g4 Nc4 34. Ke2 Rxd3 35. cxd3 Nxa3 36. Kd2 Kd6 37. Ng2 c5 
38. bxc5+ Kxc5 39. Ne1 Kb4 40. Ng2 Nb1+ 41. Kc2 Nc3 42. Kb2 Nd1+ 0-1

[Event "S60189 Regular Quad"]
[Site "CCLA"]
[Date "2016.07.31"]
[Round "?"]
[White "Berger, Byron"]
[Black "Williams, Rufus H."]
[Result "1-0"]
[WhiteElo "1489"]
[BlackElo "1375"]

1. Nc3 Nf6 2. e4 d6 3. d4 e6 4. Nf3 a6 5. Bd3 b5 6. O-O d5 7. Re1 Be7 8. 
exd5 exd5 9. Bf4 O-O 10. a4 b4 11. Ne2 a5 12. c3 Na6 13. Ng3 Bg4 14. h3 
Bxf3 15. Qxf3 c6 16. Nf5 Re8 17. Rxe7 Rxe7 18. Nxe7+ Qxe7 19. g4 bxc3 20. 
bxc3 Nc7 21. Rb1 h6 22. h4 Nce8 23. Kf1 Nd6 24. Bxd6 Qxd6 25. Rb7 Qe6 26. 
g5 hxg5 27. hxg5 Nh7 28. Bf5 Nxg5 29. Qf4 Qf6 30. Rb8+ 1-0

[Event "S60241 Summer Series"]
[Site "CCLA"]
[Date "2016.07.31"]
[Round "?"]
[White "Selby, Robin"]
[Black "Williams, Rufus H."]
[Result "0-1"]
[WhiteElo "1226"]
[BlackElo "1375"]

1. e4 d6 2. d4 c6 3. Nc3 Nf6 4. Bd3 e5 5. Nf3 Bg4 6. O-O Be7 7. h3 Bh5 8. 
g4 Bg6 9. h4 Nxg4 10. Kh1 Bxh4 11. Nxh4 Qxh4+ 12. Kg2 Qh2+ 13. Kf3 Qh3+ 
14. Ke2 Nh2 15. Be3 Bh5+ 16. Kd2 Bxd1 17. Rfxd1 Nf3+ 18. Kc1 h5 19. d5 h4 
20. b3 Qg4 21. Kb2 Nd7 22. Be2 h3 23. a4 h2 24. Rh1 Nf6 25. Bxf3 Qxf3 26. 
dxc6 bxc6 27. b4 Nxe4 28. Raf1 Nxc3 29. Kxc3 d5 30. a5 Qe4 31. Kb2 Qxb4+ 
32. Kc1 Qxa5 33. Bd2 Qa1# 0-1

[Event "S60159 Server NA Class C Ch"]
[Site "CCLA"]
[Date "2016.05.12"]
[Round "?"]
[White "Hodgkins, Neil C."]
[Black "Stetson, Micah P."]
[Result "0-1"]
[WhiteElo "1433"]
[BlackElo "1403"]

1. e4 d6 2. d4 Nf6 3. Nc3 c6 4. Nf3 Bg4 5. Be2 e6 6. h3 Bh5 7. Bg5 Be7 8. 
Qd2 Nbd7 9. e5 dxe5 10. Nxe5 Bxe2 11. Nxe2 Nxe5 12. dxe5 Nd5 13. O-O-O 
Bxg5 14. f4 Be7 15. a3 f6 16. Qe1 Qc7 17. g3 fxe5 18. Qf2 O-O 19. c4 exf4 
20. cxd5 cxd5+ 21. Kb1 fxg3 22. Qxg3 Qxg3 23. Nxg3 Rac8 24. h4 Kf7 25. h5 
Kf6 26. Ne2 Rcd8 27. Rhg1 g5 28. hxg6 hxg6 29. Rge1 e5 30. Nc3 Ke6 31. Nb5
e4 32. Nxa7 Ke5 33. Nb5 d4 34. Rg1 g5 35. a4 d3 36. Rge1 Rf3 37. Nc3 e3 
38. Ka2 d2 39. Re2 Kf4 40. Kb3 Rf2 41. Rxf2+ exf2 42. Kc4 Kf3 43. Nd5 Rxd5
44. Kxd5 Ke2 0-1

[Event "S67089 Gustafson Memorial Open"]
[Site "CCLA"]
[Date "2016.11.20"]
[Round "?"]
[White "Fisher Jr., Arthur"]
[Black "Stetson, Micah P."]
[Result "1-0"]
[WhiteElo "1608"]
[BlackElo "1472"]

1. e4 d6 2. d4 Nf6 3. Nc3 c6 4. Nf3 Bg4 5. Be2 e6 6. O-O Be7 7. Bg5 O-O 8.
 h3 Bxf3 9. Bxf3 d5 10. exd5 cxd5 11. Re1 Nc6 12. a3 a6 13. Qd2 Qd7 14. 
Rad1 Ne8 15. Bxe7 Nxe7 16. Bg4 Nd6 17. Re2 1-0

[Event "S67089 Gustafson Memorial Open"]
[Site "CCLA"]
[Date "2016.11.20"]
[Round "?"]
[White "Hadley, Douglas R."]
[Black "Stetson, Micah P."]
[Result "1-0"]
[WhiteElo "1606"]
[BlackElo "1472"]

1. e4 d6 2. d4 Nf6 3. Nc3 c6 4. f4 Qa5 5. e5 Ne4 6. Qf3 f5 7. exf6 Nxf6 8.
 Bd2 Bf5 9. Bd3 Na6 10. Nge2 g6 11. Ne4 Qb6 12. Nxf6+ exf6 13. Bxf5 gxf5 
14. Qh5+ 1-0

[Event "S60259 Regular Quad"]
[Site "CCLA"]
[Date "2016.08.07"]
[Round "?"]
[White "Berger, Byron"]
[Black "Vergara, Rene"]
[Result "1-0"]
[WhiteElo "1489"]
[BlackElo "1326"]

1. Nc3 Nf6 2. e4 d6 3. d4 g6 4. Be3 Bg7 5. Qd2 Ng4 6. Bg5 h6 7. Bh4 O-O 8.
 Be2 Na6 9. h3 Nf6 10. O-O-O c5 11. Bxa6 bxa6 12. dxc5 Bb7 13. cxd6 Bxe4 
14. dxe7 Qxe7 15. Re1 g5 16. Bxg5 Rad8 17. Rxe4 Rxd2 18. Rxe7 Rxf2 19. 
Bxf6 Rxf6 20. Nf3 Rf5 21. Rhe1 h5 22. Re8 Bh6+ 23. Kd1 Rf6 24. Rxf8+ Bxf8 
25. Re8 Rd6+ 26. Ke2 1-0

[Event "S67089 Gustafson Memorial Open"]
[Site "CCLA"]
[Date "2016.11.20"]
[Round "?"]
[White "Fisher Jr., Arthur"]
[Black "McLaughlin, Ed"]
[Result "0-1"]
[WhiteElo "1608"]
[BlackElo "1635"]

1. d4 Nf6 2. Nc3 g6 3. Nf3 Bg7 4. e4 d6 5. Be2 O-O 6. O-O Nbd7 7. h3 c5 8.
 Be3 a6 9. Qd2 b5 10. dxc5 Nxc5 11. Bxc5 dxc5 12. Qe3 Qc7 13. Rad1 Bb7 14.
 b3 Rac8 15. Nd5 Nxd5 16. exd5 Rfd8 17. c4 b4 18. Rfe1 Re8 19. Bd3 a5 20. 
Qg5 Rcd8 21. Qh4 h6 22. Bc2 Bc8 23. Re3 Qd6 24. Rde1 Bf8 25. Ne5 Kg7 26. 
Rg3 Qf6 27. Qxf6+ exf6 28. Nf3 Bd6 29. Kf1 Bxg3 30. fxg3 Rxe1+ 31. Kxe1 
Re8+ 32. Kd2 Bd7 33. Bd3 a4 34. Kc2 Re3 35. g4 Kf8 36. Kd2 Re8 37. Ng1 Ra8
38. Bc2 axb3 39. Bxb3 Ba4 40. Ne2 Bxb3 41. axb3 Ke7 42. Nc1 Kd6 43. h4 Ke5
44. Nd3+ Kd6 45. Nf2 Re8 46. Kd3 Rc8 47. Ne4+ Ke5 48. Ke3 f5 49. gxf5 gxf5
50. Nd2 f4+ 51. Kf3 Rg8 52. Ne4 Rc8 53. Nf2 Ra8 54. Nd3+ Kd6 55. Kxf4 Ra2 
56. g4 Rh2 57. h5 Rh3 58. Ne5 Rxb3 59. Nxf7+ Ke7 60. Nxh6 Rc3 61. Nf5+ Kf8
62. Ne3 b3 63. Nd1 Rxc4+ 64. Kf3 Rd4 65. Nb2 c4 66. Ke3 c3 67. Nd3 Rxg4 
68. d6 b2 69. d7 Ke7 70. Ne5 b1=Q 71. Nxg4 c2 0-1

[Event "S60241 Summer Series"]
[Site "CCLA"]
[Date "2016.07.31"]
[Round "?"]
[White "Selby, Robin"]
[Black "Ritzmann, Andrew M."]
[Result "1-0"]
[WhiteElo "1226"]
[BlackElo "1231"]

1. e4 c6 2. Nf3 d5 3. e5 Bg4 4. d4 e6 5. Nc3 c5 6. Be2 Nc6 7. O-O Bxf3 8. 
Bxf3 Nxd4 9. Be2 Nc6 10. Bd2 Nxe5 11. Re1 Nf6 12. Bb5+ Nc6 13. Bxc6+ bxc6 
14. Qf3 Be7 15. Qg3 O-O 16. Bh6 Nh5 17. Qg4 Nf6 18. Qxg7# 1-0

[Event "S60241 Summer Series"]
[Site "CCLA"]
[Date "2016.07.31"]
[Round "?"]
[White "Martindale, Roger"]
[Black "Ritzmann, Andrew M."]
[Result "0-1"]
[WhiteElo "1190"]
[BlackElo "1231"]

1. e4 c6 2. Nf3 d5 3. d3 dxe4 4. dxe4 Qxd1+ 5. Kxd1 Bg4 6. Be2 Nd7 7. Nc3 
O-O-O 8. h3 Ne5+ 9. Bd2 Bxf3 10. gxf3 Nf6 11. f4 Ng6 12. e5 Nd5 13. f5 
Nxe5 14. Nxd5 Rxd5 15. b3 g6 16. c4 Rd4 17. f3 Bg7 18. c5 Rhd8 19. Ke1 
Rxd2 20. Rd1 Rxd1+ 21. Bxd1 Rd3 22. Rf1 Re3+ 23. Be2 Nd3+ 24. Kd2 Bd4 25. 
Bxd3 Bxc5 26. fxg6 hxg6 27. h4 f5 28. Kc3 e5 29. h5 e4 30. h6 Rxd3+ 31. 
Kc2 Bd4 32. fxe4 fxe4 33. Rf8+ Kc7 34. h7 Rc3+ 35. Kd1 e3 36. h8=Q Bxh8 
37. Rxh8 Rd3+ 38. Ke2 Rd2+ 39. Kxe3 Rxa2 40. Rh7+ Kb6 41. Rh6 Ra3 42. Rxg6
Rxb3+ 43. Ke4 a5 44. Ke5 a4 45. Rg2 Rb5+ 46. Kd4 Rb4+ 47. Kc3 c5 48. Rg6+ 
Kb5 49. Rg2 Rb3+ 50. Kc2 Kb4 51. Rg1 c4 52. Rb1 Rxb1 53. Kxb1 a3 0-1

[Event "S60021 Winter Series"]
[Site "CCLA"]
[Date "2016.01.28"]
[Round "?"]
[White "Sereni, Vincent T."]
[Black "Quirk, Michael"]
[Result "0-1"]
[WhiteElo "2107"]
[BlackElo "2166"]

1. e4 c6 2. Nf3 d5 3. e5 Bf5 4. Be2 e6 5. O-O Nd7 6. d4 h6 7. Bd2 Ne7 8. 
a4 a5 9. h3 g5 10. Nc3 Bg7 11. Be3 f6 12. exf6 Bxf6 13. Re1 O-O 14. Rb1 
Qc7 15. g4 Bh7 16. h4 gxh4 17. Bxh6 Rf7 18. Qd2 e5 19. Be3 Raf8 20. Rf1 h3
21. Kh1 Qd6 22. Rbe1 exd4 23. Nxd4 Bxd4 24. Bxd4 c5 25. Be3 d4 26. f3 Qe6 
27. Bh6 dxc3 28. Qg5+ Qg6 29. Qxg6+ Bxg6 30. bxc3 Nb6 31. Rb1 Ned5 32. 
Bxf8 Kxf8 33. c4 Nb4 34. Bd3 Bxd3 35. cxd3 Rd7 36. Rfd1 Nxa4 37. Rb3 Nb6 
38. Rdb1 Rf7 39. Ra3 Nd7 40. d4 cxd4 41. Rxa5 Nc6 42. Rf5 Rxf5 43. gxf5 b6
44. Kh2 d3 45. Kxh3 Nce5 46. Kg3 Nxc4 47. Kf2 Kf7 48. Rb4 Nde5 49. Rb3 Ke7
50. Rb4 Kf6 51. f4 Ng4+ 52. Ke1 Nge3 53. Rxb6+ Kxf5 54. Rb1 Kxf4 0-1

[Event "S60159 Server NA Class C Ch"]
[Site "CCLA"]
[Date "2016.05.12"]
[Round "?"]
[White "Gunning, Edward E."]
[Black "Moujan, Pablo"]
[Result "1-0"]
[WhiteElo "1469"]
[BlackElo "1536"]

1. e4 c6 2. Nf3 d5 3. Bd3 Bg4 4. b3 dxe4 5. Bxe4 Nf6 6. d3 e5 7. Bb2 Nbd7 
8. Nbd2 Nxe4 9. Nxe4 Be7 10. h3 Bxf3 11. Qxf3 O-O 12. Qh5 f6 13. O-O-O Qc7
14. Qf5 Nc5 15. Nxc5 Bxc5 16. Rde1 Rae8 17. Re4 Bd6 18. Qh5 Qe7 19. Rg4 
Ba3 20. Re1 Bxb2+ 21. Kxb2 a5 22. Re3 g6 23. Reg3 g5 24. h4 Qf7 25. Qh6 
Kh8 26. hxg5 fxg5 27. Rxg5 Rg8 28. Rf3 Qd5 29. Qf6+ 1-0

[Event "S60319 Regular Quad"]
[Site "CCLA"]
[Date "2017.01.07"]
[Round "?"]
[White "Acosta, Errol"]
[Black "Walsh, Patrick"]
[Result "0-1"]
[WhiteElo "1490"]
[BlackElo "1647"]

1. e4 c6 2. Nc3 d5 3. exd5 cxd5 4. Nf3 Bg4 5. d4 Nc6 6. Bd3 e6 7. Be2 Nge7
8. O-O Nf5 9. h3 Bxf3 10. Bxf3 Nfxd4 11. Qd3 Nxf3+ 12. Qxf3 Be7 13. Ne2 
O-O 14. c3 b5 15. Be3 a5 16. Nf4 Ne5 17. Qe2 Nc4 18. Nd3 Bf6 19. Bc1 Re8 
20. b3 Bxc3 21. Rb1 Nd6 22. Bb2 b4 23. f4 Ne4 24. Ne5 Qb6+ 25. Kh1 Ng3+ 
0-1

[Event "S60119 Premier Quad"]
[Site "CCLA"]
[Date "2016.05.09"]
[Round "?"]
[White "Shannon, Paul D."]
[Black "Haase, F. Philip"]
[Result "0-1"]
[WhiteElo "1828"]
[BlackElo "1959"]

1. e4 c6 2. Nc3 d5 3. Nf3 dxe4 4. Nxe4 Nf6 5. Nxf6+ exf6 6. d4 Na6 7. Be2 
Bd6 8. O-O O-O 9. h3 Re8 10. c4 Bf5 11. a3 Nc7 12. Be3 Qd7 13. Re1 b5 14. 
b3 Rad8 15. Bf1 Bg6 16. Qd2 bxc4 17. bxc4 Be4 18. Qd1 Ne6 19. Bd3 f5 20. 
Bxe4 fxe4 21. Ne5 Qc7 22. Qa4 Nxd4 23. Bxd4 Bxe5 24. Bxe5 Rxe5 25. Rad1 
Rd3 26. Rb1 f5 27. Re2 h6 28. Reb2 a5 29. g3 e3 30. f4 e2 31. fxe5 Qxe5 
0-1

[Event "S60329 Regular Quad"]
[Site "CCLA"]
[Date "2017.01.07"]
[Round "?"]
[White "Parenteau, Mike"]
[Black "Lavery, Thomas"]
[Result "0-1"]
[WhiteElo "1618"]
[BlackElo "1531"]

1. e4 c6 2. d4 d5 3. f3 dxe4 4. fxe4 e5 5. Nf3 exd4 6. Bc4 Bc5 7. O-O Nf6 
8. Ng5 Bg4 9. Qe1 O-O 10. Qh4 h5 11. Bd3 Qe7 12. h3 Bc8 13. g4 g6 14. Rxf6
Qxf6 15. gxh5 Qh8 16. Nd2 Qxh5 17. Ndf3 f6 18. e5 fxg5 19. Qxh5 gxh5 20. 
Nxg5 Bf5 0-1

[Event "S60309 Regular Quad"]
[Site "CCLA"]
[Date "2017.01.07"]
[Round "?"]
[White "Bearce, Harold L."]
[Black "Lavery, Thomas"]
[Result "0-1"]
[WhiteElo "1032"]
[BlackElo "1531"]

1. e4 c6 2. d4 d5 3. e5 c5 4. dxc5 Nc6 5. Bb5 e6 6. Nf3 Bxc5 7. Be3 Bxe3 
8. fxe3 Ne7 9. Nc3 O-O 10. Qd2 Bd7 11. O-O-O a6 12. Be2 Ng6 13. h3 Ngxe5 
14. g4 Nxf3 15. Bxf3 Ne5 16. Bg2 Rc8 17. e4 Nc4 18. Qf2 Qa5 19. exd5 Qb4 
0-1

[Event "S60241 Summer Series"]
[Site "CCLA"]
[Date "2016.07.31"]
[Round "?"]
[White "Bearce, Harold L."]
[Black "Ritzmann, Andrew M."]
[Result "0-1"]
[WhiteElo "1032"]
[BlackElo "1231"]

1. e4 c6 2. d4 d5 3. e5 Bf5 4. Nf3 e6 5. Bd3 Bxd3 6. Qxd3 Qa5+ 7. c3 Qa6 
8. Qc2 c5 9. Ng1 Nd7 10. Be3 Rc8 11. Qd2 f6 12. exf6 Ngxf6 13. h3 Bd6 14. 
Nf3 O-O 15. Ng1 Ne4 16. Qc2 Nb6 17. Ne2 Nc4 18. O-O Nxe3 19. fxe3 Rxf1+ 
20. Kxf1 Ng3+ 21. Kg1 Nxe2+ 0-1